000 00444nam a2200181Ia 4500
003 LK-CoDNM
008 010623t2005 xxu||||| |||| 00| 1 sin d
040 _aLK-CoDNM
_dLK-CoDNM
_eLK-CoDNM
041 _asin
080 _a159.9 MOO
100 _aMoorthi.
245 _aමනෝ විද්‍යාව
246 _aMano Vidyawa
260 _bMiyuro Publications
_c2005
300 _b115p., 21 cm
650 _aPsychology
942 _cBK
999 _c124952
_d124952